| 000 | 00000nam##2200000za#4500 |
| 001 | 9.647557 |
| 003 | CaOODSP |
| 005 | 20210615112650 |
| 007 | ta |
| 008 | 150407|1999||||xxc||||| f|0| 0 eng|d |
| 020 | |a0-662-27459-8 |
| 040 | |aCaOODSP|beng |
| 043 | |an-cn--- |
| 086 | 1 |aF2-130/1999E |
| 110 | 1 |aCanada.|bDepartment of Finance.|bMinister of Finance. |
| 245 | 10|aRevised legislative proposals and explanatory notes on taxpayer migration / |cPublished by the Minister of Finance. |
| 260 | |aOttawa - Ontario : |bFinance Canada. |c1999. |
| 300 | |a121p. ; |c23 cm. |
| 563 | |aSoftcover |
| 590 | |a00-05|b2000-02-04 |
| 690 | 07|aIncome tax|2gcpds |
| 775 | 08|tPropositions législatives et notes explicatives révisées concernant la migration des contribuables / |w(CaOODSP)9.680971 |
| 776 | 0#|tRevised legislative proposals and explanatory notes on taxpayer migration / |w(CaOODSP)9.698476 |